1026 1408 1942 1347 1646 1714 1079 1658 1118 1099 1156 1946 1851 1036 1130 1310 1658 1007 1328 1348 1305 1972 1898 1133 1527 1941 1380 1321 1117 1858 1014 1404 1885 1270 1767 1187 1680 1458 1788 1593 1825 1998 1420 1436 1677 1786 1460 1363 1602 1558 1253 1442 1903 1510 1492 1004 1638 1522 1322 1596 1251 1691 1572 1056 1689 1543 1358 1875 1886 1952 1488 1695 1960 1184 1175 1280 1161 1137 1025 1907 1808 1656 1436 1426 1916 1699 1334 1530 1611 1575 1494 1212 1826 1388 1543 1566 1745 1516 1753 BCNSPRNW ULIB Ver.6.0+V

เปลี่ยนเป็นภาษาไทย

Change to English
 แสดงรายละเอียดบรรณานุกรม
  กลับหน้าหลัก

Brief Record : Get Marc (ISO 2709) : E-mail record : QR code < ปิดหน้าต่าง
LEADER : 00000nam 2200000uu 4500
001    13399115017
003     ULIB
008    020711s|||| th a 000 0 tha d
245    ^aขงเบ้งผู้หยั่งรู้ดินฟ้ามหาสมุทร/^cยาขอบ
260    ^a ^bม.ป.ท.,^cม.ป.ป.
945    ^p0^l0^i024700
999    ^aวรรณษา ชูชัยมงคล
รายการนี้ยังไม่มีแท็ก
คุณยังไม่ได้ล็อกอิน คุณสามารถมีกิจกรรมร่วมกับเว็บไซต์ได้ แต่ต้องล็อกอินก่อน ::
  ล็อกอิน

รายการสื่อสารสนเทศ

ลำดับที่ ประเภท เลขเรียก/บาร์โค้ด สถานที่ สถานะ
1. นวนิยาย
นวนิยาย
 ฉ.1 
  Barcode: 024700
ห้องสมุดวิทยาเขตสวรรค์ประชารักษ์
►นวนิยาย
บนชั้น
  ขอยืม

รายการใกล้เคียง
    ผู้แต่ง []

BibComment


ยังไม่เคยถูกคอมเมนท์

คอมเมนท์ทรัพยากรรายการนี้
  คอมเมนท์: ขงเบ้งผู้หยั่งรู..


 Copyright 2026. Bcnsprnw @Library